Missiles by picture - Statistics

General Stats
  • This quiz has been taken 47 times
  • The average score is 8 of 16
Answer Stats
Picture Hint Answer % Correct
Nazi Germany V2
84%
US, air-to-air Sidewinder
76%
Nazi Germany V1
76%
US, long range, subsonic cruise missile Tomahawk
68%
US, antitank Javelin
63%
US, beyond-visual-range air-to-air missile AMRAAM
61%
US, Infrared SAM Stinger
58%
US, precision strike Hellfire
55%
US, air-to-ground close air support Maverick
55%
Soviet, resuable, unguided, antitank grenade launcher RPG-7
53%
Soviet, tactical ballistic missile SCUD
37%
British/French, air launched cruise missile Storm Shadow
37%
British, ground attack Brimstone
29%
Russian, air launched ballistic missile Kinzhal
24%
Russian, mobile short-range ballistic missile Iskander
21%
Ukrainian, subsonic cruise missle, anti ship Neptune
18%
No matching quizzes found
Score Distribution
Percent of People with Each Score
Percentile by Number Answered
Your Score History
You have not taken this quiz